Statistiken für Streamer-Münder erraten

Klicken Sie hier um das Quiz zu spielen!

Allgemein

  • Dieses Quiz wurde 769 mal gespielt
  • Das Durchschnittsergebnis liegt bei 4 aus 20

Antwortstatistiken

Antwort% Korrekt
Rumathra
75%
Knossi
52%
Vlesk
43%
Julien Bam
39%
Mexify
35%
Broeki
30%
Lumenti
29%
Reved
21%
xFibii
18%
Kutcherlol
16%
Elotrix
13%
Tim Horus
11%
Mienah
6%
Timit
5%
Freiraumreh
4%
Noway
4%
Ludwig
3%
Sissor
3%
Amouranth
2%
Sjokz
2%

Verteilung der Resultate

Perzentil nach korrekt beantworteten Fragen

Anzahl Personen mit jedem Resultat

Ihre Resultats-Entwicklung

Sie haben dieses Quiz noch nicht gespielt